Aritmética racional /
Guardado en:
| Autor Principal: | |
|---|---|
| Otros Autores: | |
| Formato: | Libro |
| Idioma: | Portuguese |
| Publicado: |
Lisboa :
Sociedade Portuguesa de Matemática,
[2007].
|
| Series: | Biblioteca básica de textos didácticos de matemática ;
v. 2 |
| Etiquetas: |
Agregar Etiqueta
Sin Etiquetas, Sea el primero en etiquetar este registro!
|
| LEADER | 00842nam a22001935a 4500 | ||
|---|---|---|---|
| 001 | MAT.inmabb005649 | ||
| 008 | 090824s2007####po#a##########001#0dpor#d | ||
| 005 | 20130227164807.0 | ||
| 245 | 1 | 0 | |a Aritmética racional / |c por Aniceto Monteiro e Silva Paulo. |
| 260 | |a Lisboa : |b Sociedade Portuguesa de Matemática, |c [2007]. | ||
| 300 | |a xiii, 182 p. : |b il. ; |c 21 cm. | ||
| 440 | 0 | |a Biblioteca básica de textos didácticos de matemática ; |v v. 2 | |
| 500 | |a Incluye hoja con errata. | ||
| 500 | |a "Fac-simile da obra de A. Aniceto Monteiro e J. Silva Paulo, Aritmética racional (Livraria Avelar Machado, 1945)". | ||
| 020 | |a 9789729952147 | ||
| 100 | 1 | |a Monteiro, Antonio A. R. |q (Antonio Aniceto Ribeiro), |d 1907-1980. | |
| 700 | 1 | |a Paulo, José da Silva, |d 1905-1979. | |
| 084 | |a 11-01 (11-03 00A08) |2 msc2000 | ||
| 859 | |h 11 |i M775-2 |p A-8582 |b BIB. MATEMATICA | ||
